000 01472cam a2200301 a 4500
001 000014268
005 20200929163541.0
008 820308s1980 cr a b 100 0bspa
035 _a(DLC) 80143400
040 _aDO-SdBNP
_bspa
_cDLC
_dDLC
_dBNPHU
082 _a972.8/02
_bM533q
111 1 _aMemoria del congreso sobre el Mundo Centroamericano de Su Tiempo
_d(24 - 25 - 26 - y 27 de Agosto, 1978 :
_cNicoya, Costa Rica)
_932214
245 1 0 _aVo. centenario de Gonzalo Fernández de Oviedo :
_bmemoria del Congreso sobre el Mundo Centroamericano de Su Tiempo, 24-25-26 y 27 de agosto, 1978.
246 3 _aQuinto centenario de Gonzalo Fernández de Oviedo
246 3 _a5 centenario de Gonzalo Fernández de Oviedo
260 _aNicoya :
_bComisión Nacional Organizadora :
_bAcademia de Geografía e Historia,
_c[1980].
300 _a487 p. :
_bil. ;
_c26 cm.
504 _aIncluye bibliografías: p. 459-460.
600 1 0 _aFernández de Oviedo y Valdés, Gonzalo,
_d1478-1557
_xCongresses.
_932215
650 0 _aIndians of central america
_xCongresses.
_932216
651 0 _aAmerica
_xDiscovery And Exploration
_xSpanish
_xCongresses.
_932217
651 0 _aCentral America
_xHistory
_yTo 1821
_xCongresses.
_932218
650 0 _aExplorers
_zSpain
_xBiography
_xCongresses.
_932219
650 0 _aExplorers
_zAmerica
_xBiography
_xCongresses.
_932220
700 1 _aFernández de Oviedo y Valdés, Gonzalo,
_d1478-1557.
_932221
910 _aCatalogación derivada
049 _aBNGR
999 _c13864
_d13864